தொடா்பாடலும் ஊடகக் கற்கையும் தரம் 12,13
Saved in:
| Main Author: | |
|---|---|
| Format: | Book |
| Language: | English |
| Published: |
கொழும்பு
லோயல் அச்சகம்
2024
|
| Tags: |
Add Tag
No Tags, Be the first to tag this record!
|
MARC
| LEADER | 00000nam a22000007a 4500 | ||
|---|---|---|---|
| 005 | 20251029100723.0 | ||
| 008 | 251029b |||||||| |||| 00| 0 eng d | ||
| 020 | |a 9786246119300 | ||
| 082 | |a 004 |b குணறு | ||
| 100 | |a குணறுபேஸ் | ||
| 245 | |a தொடா்பாடலும் ஊடகக் கற்கையும் தரம் 12,13 |c கு.குணறுபேஸ் | ||
| 260 | |a கொழும்பு |b லோயல் அச்சகம் |c 2024 | ||
| 300 | |a 232 | ||
| 942 | |c BK | ||
| 999 | |c 16242 |d 16242 | ||